| 000 | 00574nam a22001932 4500 | ||
|---|---|---|---|
| 001 | 0000001576 | ||
| 005 | 20170406113538.0 | ||
| 008 | 140117s xx 000 0 eng d | ||
| 020 | _c$ | ||
| 040 |
_aYour Holding Symbol _cYour Holding Symbol |
||
| 100 | 1 | _aChimombo,Moira. | |
| 245 | 1 | 4 |
_aThe culture of democracy : _blanguage,literature,the arts and politics in malawi,1992-94. |
| 250 | _a ed. | ||
| 260 |
_aMalawi : _bWasi publications, _c1996. |
||
| 300 |
_a203 p. ; _c cm. |
||
| 504 | _aappendex. | ||
| 650 | 0 | _amalawi history. | |
| 908 | _a140117 | ||
| 999 |
_c1488 _d1488 |
||